000 004960000a22001690004500
090 _aAR
_b03572
245 1 0 _aDistribution of flying insects near a low hedgerow
500 _aColección uso y valoración
650 1 4 _aCercas vivas
_992490
650 1 4 _aPaisajes rurales
_92419
650 1 4 _aMovilidad animal
_996238
650 1 4 _aEcología de insectos
_997214
041 0 _aInglés
100 1 _aLewis, T.
_997216
942 _cARTICULO
773 1 _tJournal of Applied Ecology
_q443-452
_d1969
_g6
999 _c12622
_d12622